Natural deduction : the logical basis of axiom systems /

Guardado en:
Autor Principal: Anderson, John Mueller.
Otros Autores: Johnstone, Henry W.
Formato: Libro
Idioma:English
Publicado: Belmont, Calif. : Wadsworth, c1962.
Materias:
Etiquetas: Agregar Etiqueta
Sin Etiquetas, Sea el primero en etiquetar este registro!
LEADER 00758cam a22002175a 4500
001 MAT.inmabb004379
008 740508s1962####cau######b####001#0#eng##
005 20130312154223.0
245 1 0 |a Natural deduction :  |b the logical basis of axiom systems /  |c John M. Anderson and Henry W. Johnstone, Jr. 
260 |a Belmont, Calif. :  |b Wadsworth,  |c c1962. 
300 |a xii, 418 p. ;  |c 24 cm. 
504 |a Incluye referencias bibliográficas e índices. 
510 4 |a MR,  |c 25 #4986 
100 1 |a Anderson, John Mueller. 
700 1 |a Johnstone, Henry W. 
084 |a 03B22 (03Fxx)  |2 msc2000 
650 0 |a Logic, Symbolic and mathematical. 
650 0 |a Metamathematics. 
010 |a  62011239  
040 |a DLC  |c OTU  |d OCoLC  |d DLC 
859 |h 03  |i An545  |p A-2951  |b BIB. MATEMATICA